[Event "SWE-chT 2122 Elite"]
[Site "Sweden"]
[Date "2021.12.05"]
[Round "2.2"]
[White "Johansson, Linus"]
[Black "Olofsson Dolk, Mattis"]
[Result "1-0"]
[WhiteElo "2473"]
[BlackElo "2179"]
[PlyCount "101"]
[EventDate "2021.12.03"]
[EventType "team-tourn"]
[EventRounds "9"]
[EventCountry "SWE"]
[SourceTitle "EXT 2023"]
[Source "ChessBase"]
[SourceDate "2022.10.05"]
[SourceVersion "1"]
[SourceVersionDate "2022.10.05"]
[SourceQuality "1"]
[WhiteTeam "Limhamn"]
[BlackTeam "Vaxjo"]
[WhiteTeamCountry "SWE"]
[BlackTeamCountry "SWE"]

1. d4 Nf6 2. c4 g6 3. Nc3 d5 4. cxd5 Nxd5 5. e4 Nxc3 6. bxc3 Bg7 7. Qa4+ Nd7 8. Nf3 0-0 9. Be2 Nb6 10. Qa3 Bg4 11. Rb1 Qd6 12. h3 Bxf3 13. gxf3 Rfc8 14. Qa5 e5 15. d5 Bf8 16. Be3 Rcb8 17. 0-0 Nd7 18. Kg2 Nf6 19. c4 b6 20. c5 bxc5 21. Rxb8 Rxb8 22. Qxa7 Rb2 23. Bc4 Nh5 24. Qa3 Rb4 25. Qd3 Qf6 26. Rb1 Nf4+ 27. Bxf4 Qxf4 28. a3 Rb6 29. a4 Qg5+ 30. Kf1 Rxb1+ 31. Qxb1 Qd2 32. Qa2 Qxa2 33. Bxa2 c4 34. Bxc4 Bc5 35. f4 Bd4 36. fxe5 Bxe5 37. Ke2 Kf8 38. Ke3 f6 39. a5 Bc3 40. a6 Ba5 41. f4 Bb6+ 42. Kd3 Ke7 43. e5 fxe5 44. fxe5 Kd7 45. Bb5+ Ke7 46. Ba4 Kd8 47. Kc4 Ba7 48. Kb5 Kd7 49. Bd1 h5 50. Bc2 g5 51. Bf5+ 1-0

[Event "SWE-chT Group 3 Qualifier"]
[Site "Lund"]
[Date "2021.10.03"]
[Round "3"]
[White "Kretz, Johan"]
[Black "Olofsson Dolk, Mattis"]
[Result "1-0"]
[WhiteElo "2210"]
[BlackElo "2198"]
[PlyCount "93"]
[EventDate "2021.10.01"]
[EventType "team-tourn"]
[EventRounds "3"]
[EventCountry "SWE"]
[SourceTitle "CBM 204 Extra"]
[Source "ChessBase"]
[SourceDate "2021.11.30"]
[SourceVersion "1"]
[SourceVersionDate "2021.11.30"]
[SourceQuality "1"]
[WhiteTeam "Vasteras"]
[BlackTeam "Vaxjo"]
[WhiteTeamCountry "SWE"]
[BlackTeamCountry "SWE"]

1. d4 Nf6 2. c4 g6 3. Nc3 d5 4. cxd5 Nxd5 5. e4 Nxc3 6. bxc3 Bg7 7. Nf3 c5 8. Rb1 0-0 9. Be2 cxd4 10. cxd4 Qa5+ 11. Qd2 Qxd2+ 12. Bxd2 b6 13. Rc1 Rd8 14. d5 Ba6 15. Bb4 Re8 16. Bxa6 Nxa6 17. Ba3 Rac8 18. Ke2 Bc3 19. Rhd1 b5 20. Nd4 Bxd4 21. Rxd4 Rxc1 22. Bxc1 Rc8 23. Ba3 Nc5 24. Ke3 a5 25. Rd2 b4 26. Bb2 Na4 27. Bd4 Nc3 28. Kd3 Nb5 29. Bb2 a4 30. Rc2 Rxc2 31. Kxc2 f6 32. Kd3 Nd6 33. f4 h5 34. e5 fxe5 35. fxe5 Nf5 36. Kc4 b3 37. axb3 axb3 38. Kc5 Kf7 39. Kc6 Ke8 40. d6 Ne3 41. Bd4 Nc4 42. Kc7 exd6 43. exd6 Nxd6 44. Kxd6 Kf7 45. Ke5 Kg7 46. Kf4+ Kh6 47. h4 1-0

[Event "Vaxjo op"]
[Site "Vaxjo"]
[Date "2019.02.09"]
[Round "5"]
[White "Johansson, Roland"]
[Black "Olofsson Dolk, Mattis"]
[Result "0-1"]
[WhiteElo "2033"]
[BlackElo "2172"]
[PlyCount "40"]
[EventDate "2019.02.08"]
[EventType "swiss"]
[EventRounds "8"]
[EventCountry "SWE"]
[SourceTitle "CBM 188 Extra"]
[Source "ChessBase"]
[SourceDate "2019.02.26"]
[SourceVersion "1"]
[SourceVersionDate "2019.02.26"]
[SourceQuality "1"]

1. e4 c5 2. Nf3 d6 3. d4 cxd4 4. Nxd4 Nf6 5. Nc3 a6 6. f4 e5 7. Nf3 Qc7 8. h3 Be7 9. Be3 b5 10. a3 Bb7 11. Bd3 Nbd7 12. Qe2 Nc5 13. Bd2 Nh5 14. Qf2 Nxf4 15. Bxf4 exf4 16. 0-0-0 Bf6 17. Nd5 Bxd5 18. exd5 0-0 19. Nd4 Bxd4 20. Qxd4 Nb3+ 0-1

[Event "Vaxjo op"]
[Site "Vaxjo"]
[Date "2019.02.08"]
[Round "4"]
[White "Olofsson Dolk, Mattis"]
[Black "Winfridsson, Hakan"]
[Result "1-0"]
[WhiteElo "2172"]
[BlackElo "1971"]
[PlyCount "111"]
[EventDate "2019.02.08"]
[EventType "swiss"]
[EventRounds "8"]
[EventCountry "SWE"]
[SourceTitle "CBM 188 Extra"]
[Source "ChessBase"]
[SourceDate "2019.02.26"]
[SourceVersion "1"]
[SourceVersionDate "2019.02.26"]
[SourceQuality "1"]

1. e4 c5 2. Nf3 Nc6 3. Bb5 Nf6 4. e5 Nd5 5. Nc3 Nc7 6. Bxc6 dxc6 7. d3 g6 8. Be3 b6 9. Qd2 Ne6 10. Ne4 Bg7 11. Bh6 0-0 12. h4 f5 13. Nc3 f4 14. Bxg7 Kxg7 15. 0-0-0 Nd4 16. Nxd4 cxd4 17. Ne4 Qd5 18. Kb1 Bf5 19. Rde1 Qxe5 20. h5 Bxe4 21. Rxe4 Qf6 22. Qe2 Rae8 23. Re6 Qf5 24. Rxe7+ Rxe7 25. Qxe7+ Qf7 26. h6+ Kg8 27. Qe4 Qf6 28. Re1 g5 29. f3 c5 30. Qb7 Qxh6 31. Qxa7 Qd6 32. b3 Rf7 33. Qa8+ Kg7 34. Qe8 Kf6 35. Qh8+ Kg6 36. Qg8+ Kf6 37. Rh1 Qe7 38. Rh6+ Kf5 39. Qc8+ Qd7 40. Qb8 Qe7 41. Qxb6 Rf8 42. a4 Qe1+ 43. Ka2 Qe5 44. Qb7 Rf6 45. Qxh7+ Ke6 46. Rxf6+ Qxf6 47. Qe4+ Kd6 48. a5 Qd8 49. Qg6+ Kd5 50. Qb6 Qe7 51. a6 Qe2 52. Qb7+ Kd6 53. Qb8+ Kd7 54. Qb5+ Kd6 55. Qc4 Qe7 56. b4 1-0

[Event "SWE-chT 1718 Superettan"]
[Site "Sweden"]
[Date "2018.03.18"]
[Round "9"]
[White "Andersson, Bjorn2222"]
[Black "Olofsson Dolk, Mattis"]
[Result "1/2-1/2"]
[WhiteElo "2180"]
[BlackElo "2201"]
[PlyCount "144"]
[EventDate "2017.10.20"]
[EventType "team-tourn"]
[EventRounds "9"]
[EventCountry "SWE"]
[SourceTitle "EXT 2019"]
[Source "ChessBase"]
[SourceDate "2018.10.10"]
[SourceVersion "1"]
[SourceVersionDate "2018.10.10"]
[SourceQuality "1"]
[WhiteTeam "Burgsvik Alva"]
[BlackTeam "Vaxjo"]
[WhiteTeamCountry "SWE"]
[BlackTeamCountry "SWE"]

1. e4 e5 2. Nf3 Nc6 3. Bb5 a6 4. Ba4 Nf6 5. Qe2 b5 6. Bb3 Be7 7. c3 0-0 8. 0-0 d5 9. d3 Re8 10. Rd1 Bb7 11. Nbd2 Bf8 12. Nf1 Na5 13. Bc2 c5 14. Bg5 d4 15. Ng3 h6 16. Bd2 Bc8 17. h3 Qb6 18. Nh2 Be6 19. Ng4 Nxg4 20. hxg4 Be7 21. Nf5 Bg5 22. g3 Bxd2 23. Rxd2 Bxf5 24. gxf5 dxc3 25. bxc3 Red8 26. Rad1 Rd7 27. Kg2 Rad8 28. Qe3 b4 29. cxb4 Qxb4 30. Rb1 Nc4 31. Rxb4 Nxe3+ 32. fxe3 cxb4 33. Kf2 Kf8 34. Ke2 Ke7 35. Bb3 Kf6 36. Bd5 Rc7 37. Bb3 Kg5 38. d4 exd4 39. exd4 Rc3 40. Kf2 Kg4 41. Bd1+ Kh3 42. g4 Kh4 43. e5 Rh3 44. Be2 h5 45. d5 hxg4 46. Rd4 Kg5 47. Bxg4 Rh2+ 48. Kg3 Rxa2 49. d6 Ra3+ 50. Kf2 Ra5 51. e6 fxe6 52. fxe6 Rxd6 53. Rxd6 Kxg4 54. Rd4+ Kf5 55. e7 Re5 56. Rd5 Rxd5 57. e8Q a5 58. Qf7+ Ke4 59. Qxg7 Kd3 60. Qf7 Rc5 61. Qd7+ Kc2 62. Ke3 Rc3+ 63. Ke2 Kb2 64. Qb5 Rc2+ 65. Kd3 b3 66. Qxa5 Kb1 67. Qa4 Kb2 68. Kd4 Rc1 69. Kd3 Rc3+ 70. Kd4 Rc1 71. Kd3 Rc3+ 72. Kd4 Rc1 1/2-1/2

[Event "Vaxjo Nordic zt"]
[Site "Vaxjo"]
[Date "2017.07.02"]
[Round "9"]
[White "Vernersson, Per"]
[Black "Olofsson Dolk, Mattis"]
[Result "1-0"]
[WhiteElo "2290"]
[BlackElo "2203"]
[PlyCount "89"]
[EventDate "2017.06.26"]
[EventType "swiss"]
[EventRounds "9"]
[EventCountry "SWE"]
[SourceTitle "CBM 179 Extra"]
[Source "ChessBase"]
[SourceDate "2017.08.23"]
[SourceVersion "1"]
[SourceVersionDate "2017.08.23"]
[SourceQuality "1"]

1. d4 Nf6 2. c4 g6 3. Nc3 d5 4. Nf3 Bg7 5. Bg5 Ne4 6. cxd5 Nxg5 7. Nxg5 e6 8. Nf3 exd5 9. e3 0-0 10. Rc1 c6 11. Bd3 a5 12. 0-0 Re8 13. a3 Bf8 14. h3 Nd7 15. Rb1 Nf6 16. Ne5 Nd7 17. Nf3 Nf6 18. Qc2 Bd6 19. Rfe1 Qe7 20. Na4 Ne4 21. Nb6 Rb8 22. Qa4 Bc7 23. Nxc8 Rbxc8 24. Qc2 f5 25. g3 Kh8 26. Bf1 Bd6 27. Bg2 Rf8 28. Nh2 Qc7 29. Nf1 g5 30. Re2 Rce8 31. Rbe1 h5 32. Kh1 h4 33. gxh4 g4 34. f3 gxf3 35. Bxf3 Bg3 36. Rc1 Bxh4 37. Rg2 Rg8 38. Bxe4 fxe4 39. Qe2 Qf7 40. Nh2 Bd8 41. Rf1 Qh7 42. Ng4 Re6 43. Ne5 Bf6 44. Rxg8+ Kxg8 45. Qg4+ 1-0

[Event "Vaxjo Nordic zt"]
[Site "Vaxjo"]
[Date "2017.07.01"]
[Round "8"]
[White "Olofsson Dolk, Mattis"]
[Black "Kucuksari, Kaan"]
[Result "0-1"]
[WhiteElo "2203"]
[BlackElo "2299"]
[PlyCount "80"]
[EventDate "2017.06.26"]
[EventType "swiss"]
[EventRounds "9"]
[EventCountry "SWE"]
[SourceTitle "CBM 179 Extra"]
[Source "ChessBase"]
[SourceDate "2017.08.23"]
[SourceVersion "1"]
[SourceVersionDate "2017.08.23"]
[SourceQuality "1"]

1. e4 Nf6 2. e5 Nd5 3. d4 d6 4. Nf3 dxe5 5. Nxe5 c6 6. Be2 Bf5 7. 0-0 Nd7 8. Nf3 e6 9. c4 N5f6 10. Nc3 h6 11. Bf4 Qb6 12. b3 Be7 13. h3 0-0 14. Bd3 Qa5 15. Bxf5 Qxf5 16. Bh2 Rad8 17. Qe2 Rfe8 18. Rad1 Bb4 19. Qb2 Qa5 20. Nb1 Be7 21. Rfe1 c5 22. d5 exd5 23. cxd5 Nb6 24. Bc7 Rxd5 25. Nc3 Rxd1 26. Rxd1 c4 27. Nd2 Rc8 28. Bxb6 Qxb6 29. Nde4 Nxe4 30. Nxe4 Qe6 31. Ng3 c3 32. Qc2 b5 33. Nf5 b4 34. Ne3 Bg5 35. Nc4 Rd8 36. Rxd8+ Bxd8 37. Kf1 Bg5 38. a3 Qg6 39. Qxg6 fxg6 40. Ke2 c2 0-1

[Event "Vaxjo op"]
[Site "Vaxjo"]
[Date "2017.02.11"]
[Round "6"]
[White "Ornstein, Axel"]
[Black "Olofsson Dolk, Mattis"]
[Result "1/2-1/2"]
[WhiteElo "2358"]
[BlackElo "2210"]
[PlyCount "42"]
[EventDate "2017.02.10"]
[EventType "swiss"]
[EventRounds "8"]
[EventCountry "SWE"]
[SourceTitle "CBM 176 Extra"]
[Source "ChessBase"]
[SourceDate "2017.03.02"]
[SourceVersion "1"]
[SourceVersionDate "2017.03.02"]
[SourceQuality "1"]

1. Nf3 Nf6 2. c4 g6 3. b4 Bg7 4. Bb2 0-0 5. e3 d5 6. cxd5 Nxd5 7. Bxg7 Kxg7 8. Qb3 c6 9. Nc3 Nxc3 10. Qxc3+ f6 11. Be2 a5 12. b5 cxb5 13. Bxb5 Bd7 14. Rb1 Nc6 15. 0-0 Rc8 16. Qb2 Bf5 17. Rbc1 Qb6 18. Qb3 Na7 19. Be2 Qxb3 20. axb3 Rxc1 21. Rxc1 Rc8 1/2-1/2

[Event "SWE-chT2 1617"]
[Site "Sweden"]
[Date "2016.10.16"]
[Round "3.3"]
[White "Olofsson Dolk, Mattis"]
[Black "Nygren, Kim"]
[Result "0-1"]
[WhiteElo "2240"]
[BlackElo "2202"]
[PlyCount "94"]
[EventDate "2016.10.14"]
[EventType "team-tourn"]
[EventRounds "9"]
[EventCountry "SWE"]
[SourceTitle "EXT 2017"]
[Source "ChessBase"]
[SourceDate "2016.10.25"]
[SourceVersion "1"]
[SourceVersionDate "2016.10.25"]
[SourceQuality "1"]
[WhiteTeam "Vaxjo"]
[BlackTeam "Burgsvik Alva"]
[WhiteTeamCountry "SWE"]
[BlackTeamCountry "SWE"]

1. d4 Nf6 2. c4 g6 3. Nc3 Bg7 4. e4 d6 5. Nf3 0-0 6. Be2 Nbd7 7. 0-0 e5 8. Be3 Ng4 9. Bg5 f6 10. Bc1 Nh6 11. dxe5 dxe5 12. b4 Nf7 13. Qc2 c6 14. Bb2 Qc7 15. Rad1 Re8 16. c5 Nf8 17. Bc4 Be6 18. Ne2 Rad8 19. Nd2 Bh6 20. Bxe6 Nxe6 21. Nc4 b5 22. cxb6 axb6 23. Qb3 b5 24. Ne3 Nd6 25. f4 Nxe4 26. Rxd8 Qxd8 27. Qc2 Nxf4 28. Nxf4 exf4 29. Ng4 Qb6+ 30. Kh1 Bg5 31. Rd1 h5 32. Bd4 Qd8 33. Nf2 Qd5 34. Nxe4 Qxe4 35. Qb3+ Qe6 36. Qc2 Kh7 37. Bc5 h4 38. Qd3 h3 39. gxh3 Qe4+ 40. Qxe4 Rxe4 41. Rd7+ Kg8 42. Rd8+ Kf7 43. Rd7+ Ke8 44. Rd6 Re1+ 45. Kg2 Re2+ 46. Kg1 Bh4 47. Kf1 f3 0-1

[Event "SWE-chT2 1617"]
[Site "Sweden"]
[Date "2016.10.15"]
[Round "2.3"]
[White "Olofsson Dolk, Mattis"]
[Black "Lindberg, Henrik"]
[Result "0-1"]
[WhiteElo "2240"]
[BlackElo "2248"]
[PlyCount "52"]
[EventDate "2016.10.14"]
[EventType "team-tourn"]
[EventRounds "9"]
[EventCountry "SWE"]
[SourceTitle "EXT 2017"]
[Source "ChessBase"]
[SourceDate "2016.10.25"]
[SourceVersion "1"]
[SourceVersionDate "2016.10.25"]
[SourceQuality "1"]
[WhiteTeam "Vaxjo"]
[BlackTeam "Upsala"]
[WhiteTeamCountry "SWE"]
[BlackTeamCountry "SWE"]

1. d4 Nf6 2. c4 e6 3. Nc3 Bb4 4. e3 0-0 5. Nge2 d5 6. a3 Be7 7. cxd5 exd5 8. Nf4 Re8 9. Bd3 Bd6 10. 0-0 Bxf4 11. exf4 Nc6 12. Be3 Ne7 13. h3 h5 14. Qc2 g6 15. f3 Bf5 16. Ne2 Bxd3 17. Qxd3 Nf5 18. Bf2 h4 19. Rac1 Nh5 20. Rfe1 c6 21. b4 a6 22. Qd2 Qd6 23. Rc3 Re6 24. Rb3 Rae8 25. Rbb1 R8e7 26. Kf1 Rxe2 0-1

[Event "SWE-ch U20"]
[Site "Uppsala"]
[Date "2016.07.17"]
[Round "2"]
[White "Olofsson Dolk, Mattis"]
[Black "Storme, Isak"]
[Result "0-1"]
[WhiteElo "2259"]
[BlackElo "2110"]
[PlyCount "58"]
[EventDate "2016.07.16"]
[EventType "tourn"]
[EventRounds "9"]
[EventCountry "SWE"]
[SourceTitle "CBM 173 Extra"]
[Source "ChessBase"]
[SourceDate "2016.08.29"]
[SourceVersion "1"]
[SourceVersionDate "2016.08.29"]
[SourceQuality "1"]

1. d4 f5 2. Nc3 Nf6 3. Bg5 d5 4. Bxf6 exf6 5. e3 Be6 6. Bd3 Qd7 7. Qf3 Nc6 8. a3 0-0-0 9. Nge2 Kb8 10. Nf4 g6 11. Bb5 Qd6 12. 0-0 g5 13. Nxe6 Qxe6 14. Bxc6 bxc6 15. b4 g4 16. Qe2 Kb7 17. Rab1 Bd6 18. Na4 a6 19. c4 f4 20. cxd5 cxd5 21. Rfc1 g3 22. Qc2 gxh2+ 23. Kh1 f3 24. Nc5+ Bxc5 25. bxc5+ Ka7 26. Kxh2 Rhg8 27. g3 Rg6 28. Qb3 Rh6+ 29. Kg1 Rh1+ 0-1

[Event "Vaxjo Visma IM-B"]
[Site "Vaxjo"]
[Date "2016.07.02"]
[Round "6"]
[White "Olofsson Dolk, Mattis"]
[Black "Christensen, Tobias"]
[Result "1-0"]
[WhiteElo "2248"]
[BlackElo "2346"]
[PlyCount "61"]
[EventDate "2016.06.29"]
[EventType "tourn"]
[EventRounds "9"]
[EventCountry "SWE"]
[EventCategory "4"]
[SourceTitle "EXT 2017"]
[Source "ChessBase"]
[SourceDate "2016.10.25"]
[SourceVersion "1"]
[SourceVersionDate "2016.10.25"]
[SourceQuality "1"]

1. d4 d5 2. c4 c6 3. Nf3 Nf6 4. Nc3 dxc4 5. a4 Bf5 6. Ne5 Nbd7 7. Nxc4 Qc7 8. g3 e5 9. dxe5 Nxe5 10. Bf4 Nfd7 11. a5 f6 12. a6 Be6 13. Bxe5 Nxe5 14. Nxe5 fxe5 15. axb7 Qxb7 16. Bg2 Bc5 17. 0-0 0-0 18. Ne4 Bd4 19. e3 Bxb2 20. Nc5 Qe7 21. Nxe6 Qxe6 22. Ra6 Kh8 23. Rxc6 Qa2 24. Be4 Rac8 25. Qh5 Qg8 26. Rd6 Rf6 27. Rxf6 gxf6 28. Qf5 Kg7 29. h4 Rf8 30. Rb1 Ba3 31. Rb7+ 1-0

[Event "Vaxjo Visma IM-B"]
[Site "Vaxjo"]
[Date "2016.06.29"]
[Round "1"]
[White "Shkuran, Danylo"]
[Black "Olofsson Dolk, Mattis"]
[Result "1-0"]
[WhiteElo "2420"]
[BlackElo "2248"]
[PlyCount "73"]
[EventDate "2016.06.29"]
[EventType "tourn"]
[EventRounds "9"]
[EventCountry "SWE"]
[EventCategory "4"]
[SourceTitle "EXT 2017"]
[Source "ChessBase"]
[SourceDate "2016.10.25"]
[SourceVersion "1"]
[SourceVersionDate "2016.10.25"]
[SourceQuality "1"]

1. e4 c5 2. Nf3 d6 3. d4 cxd4 4. Nxd4 Nf6 5. Nc3 a6 6. g3 e5 7. Nde2 Be7 8. a4 Nc6 9. Bg2 Nb4 10. 0-0 Be6 11. Bg5 Rc8 12. Qd2 0-0 13. Rfd1 Qa5 14. Rac1 Qc5 15. h3 Rfd8 16. g4 h6 17. Be3 Qc7 18. Nd5 Bxd5 19. exd5 a5 20. Nc3 b6 21. Nb5 Qb7 22. c3 Na6 23. b4 axb4 24. cxb4 Nd7 25. Rc6 Nab8 26. Rdc1 Qa6 27. Rxc8 Rxc8 28. Rxc8+ Qxc8 29. Na7 Qa6 30. Nc6 Kf8 31. Qc2 Qa8 32. Qh7 Ke8 33. Qxg7 Bf8 34. Qh8 Qxa4 35. Bxh6 Na6 36. Bxf8 Nxf8 37. Qf6 1-0

[Event "SWE-chT 1516 Superettan"]
[Site "Sweden"]
[Date "2016.03.18"]
[Round "7"]
[White "Renman, Nils Gustaf"]
[Black "Olofsson Dolk, Mattis"]
[Result "1-0"]
[WhiteElo "2332"]
[BlackElo "2258"]
[PlyCount "95"]
[EventDate "2015.11.06"]
[EventType "team-tourn"]
[EventRounds "9"]
[EventCountry "SWE"]
[SourceTitle "EXT 2018"]
[Source "ChessBase"]
[SourceDate "2017.10.13"]
[SourceVersion "1"]
[SourceVersionDate "2017.10.13"]
[SourceQuality "1"]
[WhiteTeam "Norrkoping Schack 08"]
[BlackTeam "Vaxjo"]
[WhiteTeamCountry "SWE"]
[BlackTeamCountry "SWE"]

1. d4 Nf6 2. Nf3 g6 3. c4 Bg7 4. Nc3 d5 5. cxd5 Nxd5 6. e4 Nxc3 7. bxc3 c5 8. Be3 Qa5 9. Qd2 Nc6 10. Rc1 cxd4 11. cxd4 Qxd2+ 12. Kxd2 0-0 13. d5 Rd8 14. Kc2 Na5 15. Bg5 Kf8 16. Kb1 b6 17. Rc7 Rd7 18. Rxd7 Bxd7 19. Ba6 e6 20. dxe6 Bxe6 21. Rc1 b5 22. Rc7 Nc4 23. Be7+ Kg8 24. Ng5 Be5 25. Nxe6 fxe6 26. Rd7 Nb6 27. Rd3 Rb8 28. a3 Kf7 29. Bb4 Bf6 30. Kc2 g5 31. Bd6 Rd8 32. Bxb5 Rc8+ 33. Kb3 g4 34. a4 Rc1 35. e5 Bg5 36. Rc3 Rb1+ 37. Ka2 Nd5 38. Rc8 Rd1 39. Ra8 Nc3+ 40. Kb2 Rc1 41. Be8+ Kg7 42. Rxa7+ Kh8 43. Ra8 Kg7 44. Bh5 Nd1+ 45. Kb3 Rb1+ 46. Kc4 Rc1+ 47. Kd4 Nb2 48. Bf8+ 1-0

[Event "Vaxjo op"]
[Site "Vaxjo"]
[Date "2016.02.20"]
[Round "5"]
[White "Halvarsson, Peter"]
[Black "Olofsson Dolk, Mattis"]
[Result "1/2-1/2"]
[WhiteElo "1955"]
[BlackElo "2263"]
[PlyCount "67"]
[EventDate "2016.02.19"]
[EventType "swiss"]
[EventRounds "8"]
[EventCountry "SWE"]
[SourceTitle "CBM 170 Extra"]
[Source "ChessBase"]
[SourceDate "2016.02.25"]
[SourceVersion "1"]
[SourceVersionDate "2016.02.25"]
[SourceQuality "1"]

1. e4 c5 2. a3 e6 3. b4 b6 4. c3 Bb7 5. Qe2 d6 6. Nh3 Nf6 7. f3 Be7 8. Nf2 0-0 9. g3 Qc7 10. Bb2 Nbd7 11. d4 Rac8 12. Bg2 cxd4 13. cxd4 Qc2 14. Qd2 b5 15. Nc3 Qxd2+ 16. Kxd2 Nb6 17. Kd3 Bd8 18. Rhb1 Ba6 19. Nfd1 Nc4 20. Bc1 Bb6 21. Ne2 Nd7 22. Bh3 g6 23. Bh6 Rfe8 24. Ndc3 Rc7 25. Rb3 Rec8 26. Rf1 f5 27. exf5 gxf5 28. g4 fxg4 29. Bxg4 Kf7 30. Bh5+ Ke7 31. Bg5+ Kf8 32. Bh6+ Ke7 33. Bg5+ Kf8 34. Bh6+ 1/2-1/2

[Event "Politiken Cup 37th"]
[Site "Helsingor"]
[Date "2015.08.01"]
[Round "9"]
[White "Delorme, Axel"]
[Black "Olofsson Dolk, Mattis"]
[Result "1-0"]
[WhiteElo "2484"]
[BlackElo "2253"]
[PlyCount "109"]
[EventDate "2015.07.25"]
[EventType "swiss"]
[EventRounds "10"]
[EventCountry "DEN"]
[SourceTitle "CBM 167 Extra"]
[Source "ChessBase"]
[SourceDate "2015.09.14"]
[SourceVersion "1"]
[SourceVersionDate "2015.09.14"]
[SourceQuality "1"]

1. d4 Nf6 2. c4 g6 3. g3 Bg7 4. Bg2 d5 5. cxd5 Nxd5 6. Nf3 Nb6 7. 0-0 Nc6 8. e3 0-0 9. Nc3 Re8 10. h3 e5 11. d5 Na5 12. Qc2 Nac4 13. Rd1 Nd6 14. e4 Bd7 15. a4 a5 16. b3 Qc8 17. Kh2 f5 18. Be3 Rf8 19. Rac1 Qe8 20. Qd2 Nbc8 21. Re1 Ne7 22. Bh6 Bxh6 23. Qxh6 Nf7 24. Qd2 Nc8 25. exf5 gxf5 26. Nxe5 Nxe5 27. f4 Ng4+ 28. hxg4 Qg6 29. Nb5 Bxb5 30. Re6 Qg7 31. axb5 fxg4 32. Qc2 Ne7 33. Qxc7 Rac8 34. d6 Rxc7 35. Rxc7 Rf5 36. dxe7 Rh5+ 37. Kg1 Qd4+ 38. Kf1 Qd1+ 39. Re1 Qd3+ 40. Kf2 Qd2+ 41. Re2 Qd4+ 42. Ke1 Qa1+ 43. Kd2 Qb2+ 44. Ke3 Re5+ 45. fxe5 Qxe5+ 46. Kd2 Qb2+ 47. Ke1 Qa1+ 48. Kf2 Qd4+ 49. Ke1 Qa1+ 50. Kd2 Qb2+ 51. Rc2 Qd4+ 52. Ke1 Qg1+ 53. Bf1 Qxg3+ 54. Kd1 Qd6+ 55. Rcd2 1-0

[Event "Politiken Cup 37th"]
[Site "Helsingor"]
[Date "2015.07.27"]
[Round "4"]
[White "Fernandez, Daniel Howard"]
[Black "Olofsson Dolk, Mattis"]
[Result "1-0"]
[WhiteElo "2472"]
[BlackElo "2253"]
[PlyCount "95"]
[EventDate "2015.07.25"]
[EventType "swiss"]
[EventRounds "10"]
[EventCountry "DEN"]
[SourceTitle "CBM 167 Extra"]
[Source "ChessBase"]
[SourceDate "2015.09.14"]
[SourceVersion "1"]
[SourceVersionDate "2015.09.14"]
[SourceQuality "1"]

1. g3 Nf6 2. c4 g6 3. b3 Bg7 4. Bb2 d5 5. cxd5 0-0 6. Bg2 Nxd5 7. Bxg7 Kxg7 8. Qc1 Nc6 9. Nc3 Nxc3 10. Qxc3+ Qd4 11. Rc1 Qxc3 12. Rxc3 Bd7 13. f4 a5 14. Nf3 a4 15. Kf2 axb3 16. axb3 Ra2 17. Rd1 Rd8 18. Ne1 Be6 19. Bxc6 bxc6 20. Nd3 Bf5 21. Ne5 Rdxd2 22. Rxd2 Rxd2 23. Rxc6 Rc2 24. b4 f6 25. Rxc2 Bxc2 26. Nd7 Kf7 27. Nc5 Bf5 28. Na6 c6 29. Nb8 c5 30. bxc5 Ke6 31. Nc6 Kd7 32. Nb4 e5 33. fxe5 fxe5 34. Kf3 g5 35. Ke3 h5 36. h4 gxh4 37. gxh4 Ke6 38. Kd2 Be4 39. Kc3 Bg2 40. Nc2 Bh3 41. Ne3 Kd7 42. Kd3 Kc6 43. Ke4 Kxc5 44. Kxe5 Kc6 45. Nd5 Bg4 46. Nf4 Kd7 47. Kf6 Ke8 48. e3 1-0